Návrh a konštrukcia stola s pohyblivou hlavou na vybrané aplikácie vo výrobnom procese
Enregistré dans:
| Auteur principal: | |
|---|---|
| Autres auteurs: | |
| Format: | Manuscrit Livre |
| Langue: | slovaque |
| Publié: |
2016
|
| Sujets: | |
| Accès en ligne: | http://is.stuba.sk/zp/portal_zp.pl?podrobnosti=133535 |
| Tags: |
Pas de tags, Soyez le premier à ajouter un tag!
|
MARC
| LEADER | 00000ntm a22000003a 4500 | ||
|---|---|---|---|
| 001 | stuzp58739 | ||
| 003 | SK-STU | ||
| 005 | 20160719155647.1 | ||
| 007 | ta | ||
| 008 | 150427s2015----xo-----f-mn---000-0-slo-d | ||
| 040 | |a STU |b slo | ||
| 041 | 0 | |a slo | |
| 100 | 1 | |a Špano, Gregor |u 020070 |k Z4 |4 aut |U SjF Strojnícka fakulta |T SjF Ústav výrobných systémov, enviromentálnej techniky a manažment kvality |X 42005 |U J0070 |Y 804 |7 A000042005 | |
| 242 | 0 | 1 | |a Design and construction of work table with moving head on selected application in production process |y eng |
| 245 | 1 | 0 | |a Návrh a konštrukcia stola s pohyblivou hlavou na vybrané aplikácie vo výrobnom procese |
| 260 | |c 2016 | ||
| 650 | 4 | |a lineárne vedenia |2 slo | |
| 650 | 4 | |a krokový motor |2 slo | |
| 650 | 4 | |a lineárne magnetické odmeriavače |2 slo | |
| 650 | 4 | |a NX |2 slo | |
| 650 | 4 | |a CAD |2 slo | |
| 650 | 4 | |a linear magnetic encoders |2 eng | |
| 650 | 4 | |a NX |2 eng | |
| 650 | 4 | |a CAD |2 eng | |
| 650 | 4 | |a linear guidance |2 eng | |
| 650 | 4 | |a stepper |2 eng | |
| 700 | 1 | |a Králik, Marián |u 020070 |k Z1 |4 ths |U SjF Strojnícka fakulta |T SjF Ústav výrobných systémov, enviromentálnej techniky a manažment kvality |X 2483 |U J0070 |Y 804 |7 A000002483 | |
| 856 | 4 | |u http://is.stuba.sk/zp/portal_zp.pl?podrobnosti=133535 | |
| 996 | |b 284J043971 |c J* 2261/DP |l JJSK |s A |a 24 |w stuzp58739_0001 | ||
| SQL | |a stuzp58739 |b DDP |c SLO |d Návrh a konštrukcia stola s pohyblivou hlavou na vybrané aplikácie vo výrobnom procese |e 42005 |f Špano, Gregor |g 020070 |h 2483 |i Králik, Marián |j 20160615 |k 1326 |l 02 |m http://is.stuba.sk/zp/portal_zp.pl?podrobnosti=133535 |n I-EVT |o 5.2.50. výrobná technika | ||